000 00954cam a2200253Ma 4500
005 20141112071941.0
008 141112s2014 enka fr 000 0 eng d
020 _a9780198706618
020 _a0198706618
040 _aCO-BoUCM
_bspa
_cJose A. Gerena
_dJose A. Gerena
041 1 _aeng
245 0 4 _aThe governance report 2014
_cHertie School of Governance
260 _aOxford (Oxfordshire, Inglaterra)
_bOxford University press
_c2014
300 _a183 páginas
_bilustraciones
504 _aIncluye referencias bibliográficas
650 7 _aAdministración pública
_926446
650 7 _aAdministración pública
_xInformes
_965802
650 7 _aCiencia política
_926457
650 7 _aIndicadores de gestión
_917303
_xAdministración pública
690 _942738
_aAdministración pública
710 2 _aHertie School of Governance
_965803
942 _2DEWEY
_a16
_cLIBRO
_e1
_h351.0006
_mG721
999 _c297210
_d297210